000 00777nam a2200241Ia 4500
005 20260430150605.0
008 008 250103s9999 xx 000 0 eng d
037 _aTheses
040 _aCRL
040 _beng
040 _ceng
041 _2eng
041 _aeng
084 _qCRL
100 _aMonika Au.; Verma Anita Kamra Gu.
_91237938
245 0 _aCarboplatin Encapsulated Hybrid Nanoparticles Mediated Alteration of EMT Dynamics: To Study the Interplay of Cytokines with Akt/NF-Kb/Snail Pathway in NSCLC (A549 & H1299) and ROS-Mediated autophagy in C57BL/6 Mice
260 _c2024
300 _a324p.
650 _aZoology
700 _aUniversity of Delhi. Faculty of Science. Deptt. of Zoology
_91237570
942 _cTH
999 _c1850153
_d1850153